00238nam a2200085Ia 4500001000800000005001700008008004100025245006500066260002100131110439320250827003359.0250824s9999 xx 000 0 und d 0aBU YALNIZLIK BANA FAZLA BÖLÜŞELİM Mİ?cMURAT TAVLI bDESTEK YAYINLARI